Tratado de Libre Comercio Centroamérica-Estados Unidos: proceso y resultados /

Guardado en:
Bibliografiske detaljer
Hovedforfatter: Weisleder, Saúl
Institution som forfatter: Universidad Estatal a Distancia
Andre forfattere: ed.
Format: Texto
Udgivet: San José: EUNED. BCIE
Fag:
Tags: Tilføj Tag
Ingen Tags, Vær først til at tagge denne postø!

MARC

LEADER 00000 a a2200000 04500
001 30451
003
040
020 |a 9968-31-351-3  
090 |a 195006  
100 |a Weisleder, Saúl  
110 |a Universidad Estatal a Distancia  
245 |a Tratado de Libre Comercio Centroamérica-Estados Unidos: proceso y resultados /  |c Saúl Weisleder 
260 |a San José:   |b EUNED. BCIE  
300 |a 332 p.  
650 |a INDUSTRIA LECHERA  
650 |a PRODUCTOS LACTEOS  
650 |a LECHE  
650 |a QUESO  
650 |a PRECIOS AL CONSUMIDOR  
650 |a EXPORTACIONES  
650 |a IMPORTACIONES  
650 |a ARANCELES  
650 |a COMERCIO INTERNACIONAL  
650 |a PRODUCCION  
650 |a SUBSIDIOS  
650 |a TLC  
650 |a GANADO  
650 |a COMERCIALIZACION  
650 |a LECHE  
700 |a ed.  
999 |c 13008  |d 13008